000 00648nam a2200193Ia 4500
003 GCL
008 140319s9999 xx 000 0 ara d
040 _aGCL /
_cGCL
082 0 4 _a235
_bع ب
100 1 _aعودة خليل ابو عودة
245 1 0 _aبناء الجملة فى الحديث النبوى الشريف فى الصحيحين /
_cعودة خليل ابو عودة
300 _a728
490 _a100 قصة
_v0
650 0 4 _aالحديث - كتب الصحيح
650 0 4 _aالحديث - نحو
650 0 4 _aالنحو - الجملة الاسمية
650 0 4 _aالنحو - الجملة الفعلية
942 _2ddc
_cBK
999 _c46376
_d46376